|
|
|
|
| LEADER |
00663nab a2200157 i 4500 |
| 001 |
misc2572 |
| 005 |
20191106144401.0 |
| 008 |
170607s1892 hu o 0|| hun d |
| 040 |
|
|
|a SZTE Miscellanea Repozitórium
|b hun
|
| 041 |
|
|
|a hun
|
| 245 |
0 |
0 |
|a Törvényjavaslat a fizetésbeszüntetésről és csődön kivüli [!kívüli] egyeszségről [!egyezségről]
|h [elektronikus dokumentum] :
|b előadói tervezet
|
| 260 |
|
|
|c 1892
|
| 300 |
|
|
|a 9-12
|
| 490 |
0 |
|
|a A kereskedelmi jog és ismeretek tára : havi folyóirat
|v 2 No. 33
|
| 695 |
|
|
|a Közgazdaságtudomány, Jogtudomány
|
| 856 |
4 |
0 |
|u http://misc.bibl.u-szeged.hu/2572/1/kereskedelmi_002_033_009-012.pdf
|z Dokumentum-elérés
|